000 00610nam a22001937a 4500
005 20220408154629.0
008 220408b ||||| |||| 00| 0 eng d
020 _a9781352000504
040 _cAIMIT LIBRARY
100 _aBurns, Paul.
_928724
245 _aNew venture creation:
_bframework for entrepreneurial start-ups /
_cBy Paul Burns.
250 _a2nd ed.
260 _aUK ;
_bRed Globe Press ,
_c2018.
300 _axliii,483p. ;
_bPB
_c26 cm.
650 _aEntrepreneurship.
_928725
650 _aIndustry and markets
_928726
650 _aMarketing plan
_928727
942 _2ddc
_cBK
_e2nd
_k338.04 BURP
999 _c222300
_d222300